书目信息 |
| 题名: |
沙漠地貌的起源及研究方法
|
|
| 作者: | 费多罗维奇 著 ;陈治平 译 | |
| 分册: | ||
| 出版信息: | 北京 科学出版社 1962 |
|
| 页数: | 212页 | |
| 开本: | 21cm | |
| 丛书名: | ||
| 单 册: | ||
| 中图分类: | P931.3 | |
| 科图分类: | ||
| 主题词: | 沙漠-地貌学--研究方法 , 地貌学-沙漠--研究方法 , 自然地理学 , 部门 | |
| 电子资源: | ||
| ISBN: | ||
| 000 | 00805nam0 2200277 45 981 | |
| 001 | 0662744463 | |
| 005 | 20060801172627.01 | |
| 010 | @dCNY1.30 | |
| 091 | @a12031.85 | |
| 100 | @a19960301d1962 em y0chiy0121 ea | |
| 101 | 1 | @achi@crus |
| 102 | @aCN@b110000 | |
| 105 | @aaf z 000yy | |
| 106 | @ar | |
| 200 | 10 | @a沙漠地貌的起源及研究方法@e译文集@f(苏)贵多罗维奇,Б.А.等著@g陈治平等译@Asha mo di mao de qi yuan ji yan jiu fang fa |
| 210 | @a北京@c科学出版社@d1962 | |
| 215 | @a212页@c表,图@d21cm | |
| 606 | @a沙漠-地貌学@x研究方法 | |
| 606 | @a地貌学-沙漠@x研究方法 | |
| 606 | 0 | @a自然地理学 |
| 606 | 0 | @a部门 |
| 690 | @aP931.3@v3 | |
| 701 | 1 | @a费多罗维奇@bБ.А.@4著@Afei duo luo wei qi |
| 702 | 0 | @a陈治平@4译@Achen zhi ping |
| 801 | 0 | @c20060801 |
| 905 | @a10447@dP931.3@e96 | |
| 沙漠地貌的起源及研究方法:译文集/(苏)贵多罗维奇,Б.А.等著/陈治平等译.-北京:科学出版社,1962 |
| 212页:表,图;21cm |
| ISBN :CNY1.30 |
| ● |
| 相关链接 |
|
|
|
|
正题名:沙漠地貌的起源及研究方法
索取号:P931.3/96
 
预约/预借
| 序号 | 登录号 | 条形码 | 馆藏地/架位号 | 状态 | 备注 |
| 1 | 0439360 | 204393600 | 密集书库/ [索取号:P931.3/96] | 在馆 |